A first course in discrete dynamical systems

Αποθηκεύτηκε σε:
Λεπτομέρειες βιβλιογραφικής εγγραφής
Κύριος συγγραφέας: Holmgren, Richard A.
Μορφή: Βιβλίο
Γλώσσα:English
Δημοσίευση: New York : Springer, c1996
Έκδοση:2η εκδ.
Σειρά:Universitext
Θέματα:
Ετικέτες: Προσθήκη ετικέτας
Δεν υπάρχουν, Καταχωρήστε ετικέτα πρώτοι!

MARC

LEADER 00000nam a2200000 i 4500
001 1/52377
008 070823s1996 eng d
020 |a 0-387-94780-9 
035 |l 10089986 
040 |a GR-MY-UA  |b gre  |e aacr 
041 0 |a eng 
082 0 |a 514.74  |2 (22) 
100 1 |a Holmgren, Richard A. 
245 1 2 |a A first course in discrete dynamical systems /  |c Richard A. Holmgren 
250 |a 2η εκδ. 
260 |a New York :   |b Springer,   |c c1996 
300 |a xv, 223 σ.;  |b εικ.;  |c 24 εκ. 
490 1 |a Universitext 
504 |a Περιλαμβάνει βιβλιογραφικές παραπομπές (σ. [215]-220) και ευρετήριο 
650 0 0 |a Differentiable dynamical systems. 
830 0 |a Universitext 
852 |a INST  |b SAMOS  |e 20070823  |h 514.74 HOC  |p 005300028434  |q 005300028434  |t BK  |y 0 
901 |a BIBL3-2007-2 
909 |a Σ  |b 136773 
922 |a 3ΕΛΗ  |b 200707  |c ΕΠΕΑΕΚ2/ΤΜΗΜΑ ΜΑΘΗΜΑΤΙΚΩΝ  |d ΕΛΕΥΘΕΡΟΥΔΑΚΗΣ 
970 |a ΣΙΤΖΙΜΗ  |b ΓΙΑΣΕΜΗ  |z 2007/08/23